000 005930000a22001930004500
001 768714001
003 CO-MdFUSB
005 20170612124252.0
008 170612s2004 cr ||||| |||| 00| 0 spa d
022 _a1409-1968
040 _aCO-MdFUSB
_bspa
_cCO-MdFUSB
_dCO-MdFUSB
041 _aspa
100 1 _aSalgado, Cristian
_eautor
245 1 0 _a¡Libere ese potencial!
300 _aVolumen 22. Número 1 (2004), Páginas 43-44
_c 27 cm.
546 _aTexto en español
773 0 _tApuntes Pastorales
_049442
_960140
_gVolumen 22. Número 1 (2004), Páginas 43-44
_qPágina 43
942 _cANA
999 _c60909
_d60909